| 000 | 01010nam a22002657a 4500 | ||
|---|---|---|---|
| 003 | OSt | ||
| 005 | 20251210032506.0 | ||
| 008 | 251210b |||||||| |||| 00| 0 eng d | ||
| 020 | _a9718581755 | ||
| 040 |
_aDWCL -Main _cOC |
||
| 082 | _aProf. 025.1 B928m 2004 | ||
| 100 |
_aBuenrostro, Juan C., Jr. _eAuthor |
||
| 245 |
_aMore than books : _bperspectives on the management of information resources and services in libraries / _cJuan C. Buenrostro, Jr. |
||
| 260 |
_aQuezon City, Philippines: _bGreat Books Trading, _cc2004. |
||
| 300 |
_aviii, 306 p.: _bill.; _c22 cm. |
||
| 504 | _aIncludes bibliographic references and index. | ||
| 650 | _a1. Filipiniana Materials. | ||
| 650 | _a2. Government documents. | ||
| 650 | _a3. Information Management -- Philippines. | ||
| 650 | _a4. Library administration -- Philippines. | ||
| 650 | _a5. Non-Book Materials. | ||
| 650 | _a6. References and Information Services -- Philippines. | ||
| 700 |
_aI. Bhagwani, Ernie T. _eEditor |
||
| 942 |
_2ddc _cPROF. _n0 |
||
| 999 |
_c7011 _d7011 |
||